000 nam a22 a 4500
999 _c519
_d519
005 20170504102647.0
008 170504b1967 -uk||||| |||| 00| 0 eng d
020 _a0140210148
040 _aAKMAL
082 _a153.42 BON
090 _a153.42
_bBON
100 1 _aDe Bono, Edward,
_d1933-
_91066
245 1 4 _aThe 5 day course in thinking
260 _aHarmondsworth :
_bPenguin,
_c1969
300 _a160p
_c20cm
490 0 _a(Pelican book. no. A1014.)
500 _aWith a card, 'The L game', as insert.
942 _2ddc
_cBOOK